LEADER 04491nam a2200649 a 4500 001 000000129989 003 CaOOAMICUS 005 20140722130608.0 008 120911m20129999it u000 u ita r 020 $a978-88-598-0858-9 (v. 1) 020 $a978-88-598-0860-2 (v. 2) 020 $a978-88-598-0862-6 (v. 3, t. 1) 020 $a978-88-598-0864-0 (v. 3, t. 2) 020 $a978-88-598-0866-4 (v. 4) 020 $a978-88-598-0870-1 (v. 6) 020 $a978-88-598-0868-8 (v. 5) 020 $a978-88-598-0849-7 (v. 7, t. 1) 020 $a978-88-598-1214-2 (v. 7, t. 2) 020 $a978-88-598-1257-9 (v. 7, t. 3) 020 $a978-88-598-1259-3 (v. 7, t. 4) 040 $aPUL$bita 082 04$a347.45 245 00$aCommentario del codice di procedura civile /$cdiretto da Luigi Paolo Comoglio ... [et al.]. 260 $aTorino :$bUTET Giuridica,$cİ2012- 300 $a7 v. ;$c24 cm 504 $aInclude riferimenti bibliografici. 505 0 $aV. 1. Artt. 1-98. -- v. 2. Artt. 99-162. -- v. 3. t. 1. Artt. 163-274 bis. -- v. 3. t. 2. Artt. 275-322. -- v. 4. Artt. 323-394. -- v. 5. Artt. 395-473. -- v. 6. Artt. 474-601. -- v. 7. t. 1. Artt. 602-669 quaterdecies. -- v. 7. t. 2. Artt. 670-705. -- v. 7. t. 3. Artt. 706-795. -- v. 7. t. 4. Artt. 796-840. 650 4$aProcedura civile$zItalia.$0(OLS)http://pul/subject/14566 700 1 $aComoglio, Luigi Paolo.$0(OLS)http://pul/name/35301 850 $aPUL 852 $aPUL$W1$xSL Diritto e Scienze Sociali 3$y79$m347. 45 COMLU 2.1$j150533$av. 1$qDDC 21$B149077$CPULBib$Z2$F149077 $H120595 $82 852 $aPUL$W1$xSL Diritto e Scienze Sociali 3$y79$m347. 45 COMLU 2.2$j150534$av. 2$qDDC 21$B149078$CPULBib$Z2$F149078 $H120596 $82 852 $aPUL$W1$xSL Diritto e Scienze Sociali 3$y79$m347. 45 COMLU 2.3$j150535$av. 3, t. 1$qDDC 21$B149079$CPULBib$Z2$F149079 $H120597 $82 852 $aPUL$W1$xSL Diritto e Scienze Sociali 3$y79$m347. 45 COMLU 2.5$j157746$av. 5$qDDC 21$B157171$CPULBib$Z2$F157171 $H123321 $82 852 $aPUL$W1$xSL Diritto e Scienze Sociali 3$y79$m347. 45 COMLU 2.3.2$j153378$av. 3, t. 2$qDDC 21$B152938$CPULBib$Z2$F152938 $H122087 $82 852 $aPUL$W1$xSL Diritto e Scienze Sociali 3$y79$m347. 45 COMLU 2.7.1$j158690$av. 7, t. 1$qDDC 21$B158216$CPULBib$Z2$F158216 $H123594 $82 852 $aPUL$W1$xSL Diritto e Scienze Sociali 3$y79$m347. 45 COMLU 2.4$j156662$av. 4$qDDC 21$B156002$CPULBib$Z2$F156002 $H123016 $82 852 $aPUL$W1$xSL Diritto e Scienze Sociali 3$y79$m347. 45 COMLU 2.6$j156663$av. 6$qDDC 21$B156003$CPULBib$Z2$F156003 $H123017 $82 852 $aPUL$W1$xSL Diritto e Scienze Sociali 3$y79$m347. 45 COMLU 2.7.2$j160982$av. 7, t. 2$qDDC 21$B160428$CPULBib$Z2$F160428 $H124415 $82 852 $aPUL$W1$xSL Diritto e Scienze Sociali 3$y79$m347. 45 COMLU 2.7.3$j160983$av. 7, t. 3$qDDC 21$B160430$CPULBib$Z2$F160430 $H124416 $82 852 $aPUL$W1$xSL Diritto e Scienze Sociali 3$y79$m347. 45 COMLU 2.7.4$j160984$av. 7, t. 4$qDDC 21$B160431$CPULBib$Z2$F160431 $H124417 $82 941 1 $a9 996 $6020$a978-88-598-0858-9 (v. 1)$9(OLS)http://pul/number/150450 996 $6020$a978-88-598-0860-2 (v. 2)$9(OLS)http://pul/number/150451 996 $6020$a978-88-598-0862-6 (v. 3, t. 1)$9(OLS)http://pul/number/150452 996 $6020$a978-88-598-1214-2 (v. 7, t. 2)$9(OLS)http://pul/number/155810 996 $6020$a978-88-598-1257-9 (v. 7, t. 3)$9(OLS)http://pul/number/155811 996 $6020$a978-88-598-1259-3 (v. 7, t. 4)$9(OLS)http://pul/number/155812 996 $6020$a978-88-598-0868-8 (v. 5)$9(OLS)http://pul/number/154226 996 $6020$a978-88-598-0849-7 (v. 7, t. 1)$9(OLS)http://pul/number/154731 996 $6020$a978-88-598-0864-0 (v. 3, t. 2)$9(OLS)http://pul/number/152339 996 $6020$a978-88-598-0866-4 (v. 4)$9(OLS)http://pul/number/153748 996 $6020$a978-88-598-0870-1 (v. 6)$9(OLS)http://pul/number/153749 996 $6082$a347.45$9(OLS)http://pul/classification/384 996 $6245$aCommentario del codice di procedura civile$9(OLS)http://pul/title/159098 996 $6260$aTorino :$bUTET Giuridica$9(OLS)http://pul/publisher/79191 LEADER 01598nam a2200337 a 4500 001 000000151324 003 CaOOAMICUS 005 20160415112425.0 008 160415s2016 it u000 u ita r 020 $a978-88-821-756115* 032 $aLibriCat 040 $aPUL$bita 082 04$a348.45 110 1 $aItalia.$0(OLS)http://pul/name/1188 240 10$aCodice del processo tributario (2016).$0(OLS)http://pul/title/190560 245 10$aCodice del processo tributario annotato /$cCesare Glendi, Augusto Chizzini. 250 $a4. ed. 260 $aMilanofiori Assago :$bWolters Kluwer,$cİ2016. 300 $aXVII, 1437 p. ;$c21 cm. 500 $aSul front.: Codice di procedura civile, Codice processo amministrativo, Legge delega e decreti delegati, DDL Codice processo tributario con le relazioni di maggioranza e minoranza. 504 $aInclude riferimenti bibliografici ed indice. 650 4$aProcesso tributario.$0(OLS)http://pul/subject/33605 700 1 $aGlendi, Cesare.$0(OLS)http://pul/name/69987 700 1 $aChizzini, Augusto.$0(OLS)http://pul/name/59766 850 $aPUL 852 $aPUL$W1$xDP2 Diritto e Scienze Sociali 3$y110$m348. 45 COD 2.31$j173770$qDDC 21$B176210$CPULBib$Z2$F176210 $H127623 $81 996 $6020$a978-88-821-756115*$9(OLS)http://pul/number/160284 996 $6082$a348.45$9(OLS)http://pul/classification/373 996 $6245$aCodice del processo tributario annotato$9(OLS)http://pul/title/152316 996 $6260$aMilanofiori Assago :$bWolters Kluwer$9(OLS)http://pul/publisher/81463